De Miguel Angel a El Escorial: momentos del debate religioso en el arte del siglo XVI

Salvato in:
Dettagli Bibliografici
Autore principale: Cali, María (Autore)
Natura: Libro
Lingua:spagnolo
Pubblicazione: Madrid Akal 1994
Serie:Colección Arte y Estética, 32
Soggetti:
Tags: Aggiungi Tag
Nessun Tag, puoi essere il primo ad aggiungerne!!

MARC

LEADER 00000nam a2200000 a 4500
001 UCR6055
003 CL-VaPUC
008 980420e19940000SP |||||||||||||||||spa|d
082 0 4 |a 709.031  |b CAL  |2 21 
100 0 |a Cali, María  |e author  |9 407129 
245 1 0 |a De Miguel Angel a El Escorial: momentos del debate religioso en el arte del siglo XVI 
300 |a 383 p 
942 |c BK 
945 |d 19980420 00:00:00  |a rleighto 
260 |a Madrid  |b Akal  |c 1994 
600 0 7 |a BOUNAROTTI, MIGUEL ANGEL  |2 CL-VaPUC  |9 407130 
650 0 |a Arte italiano  |9 265547 
650 7 |a HISTORIA DEL ARTE SIGLO 16  |2 CL-VaPUC  |9 345323 
650 0 |a Pintura italiana  |9 265293 
650 7 |a NATURALISMO EN EL ARTE  |2 CL-VaPUC  |9 268638 
583 |a last modification  |c 20160817 04:24:56  |k Rodrigo Vera 
490 0 |a Colección Arte y Estética, 32 
999 |c 268366  |d 268364 
952 |0 0  |1 0  |4 0  |6 709_031000000000000_CAL_1994  |7 0  |8 A  |9 301460  |a BIBARQ  |b BIBARQ  |d 2019-11-20  |i 3417646  |o 709.031 CAL 1994  |p 3417646  |r 2025-01-20  |w 2019-11-20  |y BK  |k ARQ